000 01121nam a2200277Ia 4500
003 OSt
005 20221005103234.0
006 a|||||r|||| 00| 0
007 ta
008 221004b |||||||| |||| 00| 0 san d
020 _a9789384783105 (hbk)
_cINR 895.00
024 _a34808
037 _b125, 12/09/2017, Eastern Book Linkers
_cTextual
040 _aCRL
_cCRL
_bsan
041 _2san
_asan
082 _aO15,1x, 152Q6
100 _aसन्तोष देवी, ले.
245 0 _aप्रमुख-संस्कृत-महाकाव्यगत वैदिक आख्यान
246 _aPramukha-sanskṛuta-mahākāvyagat vaidik ākhyāna
260 _aकुरूक्षेत्र
_bनिर्मल पब्लिशिंग हाउस भारत
_c2016
300 _a336पृ0
_ccm.
650 _a संस्कृत साहित्य
650 _aसंस्कृत कविता
942 _hO15,1x, 152Q6
_cTEXL
_2cc
999 _c1009662
_d1009662